000 02198cab a2200265 a 4500
005 20220922112623.0
008 991125c2020 mx zr p o 000 0 spa d
035 _aUPN01000235939
040 _aMX-MxUPN
_bspa
_eaacr2
_cMX-MxUPN
049 _aART-E
100 1 _aIrepan Aguilar, Maricela
_946659
100 1 _aOrtega Andeane, Patricia
_946660
245 0 0 _aDesarrollo y validación de la escala de restauración psicológica percibida en población mexicana
_h[recurso electrónico en línea]
520 3 _aEl ambiente físico juega un papel importante en el manejo del estrés; la investigación ha probado la relación entre la exposición a ambientes naturales y la recuperación del estrés fisiológico y la fatiga mental. El objetivo del presente trabajo fue desarrollar una escala confiable y válida que evalúe la percepción de restauración psicológica ante el estrés en escenarios naturales. El desarrollo de la escala se realizó en dos fases, en la primera fase, se utilizó la técnica de redes semánticas, a partir de los resultados se redactaron los reactivos que se probaron en la segunda etapa, la validación del instrumento se hizo a través del análisis factorial confirmatorio, en esta etapa participaron 273 personas, hombres y mujeres, con edad promedio de 30 años. A través del Análisis Factorial Confirmatorio se conformó la versión final de la escala que con 23 ítems que evalúan tres factores, valoración estética y afectiva, restauración y prospectiva, con valores de ajuste X2=550.51, p=0.00, CFI=0.94, RMSEA=0.07 y confiabilidad total de 0.96 considerándose que la escala es un instrumento válido y confiable, por lo que su uso puede contribuir en la evaluación y diseño de ambientes restauradores.
653 0 _aRESTAURACION PSICOLOGICA
653 0 _aESTRES
653 0 _aVALORES ESTETICOS
653 0 _aNATURALEZA
653 0 _aREDES SEMANTICAS
773 _gVol. no. 1 (2020) p. 80-90
_tActa de investigación psicológica
_x2007-4719
856 4 _uhttps://www.revista-psicologia.unam.mx/revista_aip/index.php/aip/article/view/335/270
902 _aGloriaJiménez
_bGloriaJiménez/220922
905 _aArticulo
942 _cART-E
999 _c208034
_d208034